[Event "Melbourne op"]
[Site "Melbourne"]
[Date "2024.04.06"]
[Round "7"]
[White "Ikeda, Junta"]
[Black "Le, Tri Kien"]
[Result "0-1"]
[WhiteElo "2391"]
[BlackElo "2261"]
[PlyCount "140"]
[EventDate "2024.04.03"]
[EventType "swiss"]
[EventRounds "9"]
[EventCountry "AUS"]
[SourceTitle "CB18_2024"]
[SourceDate "2024.05.01"]
[SourceVersion "1"]
[SourceVersionDate "2024.05.01"]
[SourceQuality "2"]

1. Nf3 Nf6 2. g3 b6 3. Bg2 Bb7 4. 0-0 g6 5. c4 Bg7 6. d3 0-0 7. e4 d6 8. Nc3 c5 9. Ng5 Nc6 10. f4 Nd7 11. h4 Nd4 12. h5 e6 13. hxg6 fxg6 14. Ne2 Qe7 15. Be3 h6 16. Nh3 Rab8 17. Kh2 Kh7 18. Rb1 Nc6 19. a3 Nf6 20. Bf3 e5 21. Kg2 Bc8 22. Nf2 Kg8 23. Rh1 h5 24. b4 Bd7 25. Qg1 Nd4 26. Nxd4 cxd4 27. Bd2 Be6 28. Qh2 Qd7 29. Qh4 Kf7 30. Rbf1 Ke8 31. Qg5 Bf7 32. fxe5 Nh7 33. e6 Qxe6 34. Qb5+ Qd7 35. Qxd7+ Kxd7 36. g4 Nf6 37. gxh5 Nxh5 38. Nh3 Be5 39. Ng5 Nf6 40. Be2 Be6 41. Rh6 Rg8 42. Nf3 Rbf8 43. Nxe5+ dxe5 44. Bg5 Nh5 45. Rh7+ Kc8 46. Re7 Re8 47. Rxe6 Rxe6 48. Bg4 Rge8 49. Rf7 Kb8 50. Bxe6 Rxe6 51. Kf3 a5 52. b5 Kc8 53. a4 Kb8 54. Kg4 Kc8 55. Kh4 Kb8 56. Kh3 Kc8 57. Kg4 Kb8 58. c5 bxc5 59. Bd8 Nf4 60. Bxa5 Nxd3 61. Bc7+ Ka8 62. a5 Nb4 63. Bb6 Rxb6 64. axb6 c4 65. Ra7+ Kb8 66. Kf3 c3 67. Ke2 d3+ 68. Ke3 d2 69. Rd7 Na2 70. Ke2 c2 0-1

[Event "Melbourne op"]
[Site "Melbourne"]
[Date "2024.04.05"]
[Round "5"]
[White "Chan, Luis"]
[Black "Ikeda, Junta"]
[Result "1-0"]
[WhiteElo "2145"]
[BlackElo "2391"]
[PlyCount "146"]
[EventDate "2024.04.03"]
[EventType "swiss"]
[EventRounds "9"]
[EventCountry "AUS"]
[SourceTitle "CB18_2024"]
[SourceDate "2024.05.01"]
[SourceVersion "1"]
[SourceVersionDate "2024.05.01"]
[SourceQuality "2"]

1. d4 Nf6 2. c4 e6 3. Nc3 Bb4 4. Qc2 c5 5. dxc5 0-0 6. a3 Bxc5 7. Nf3 b6 8. Bf4 Bb7 9. Rd1 Nc6 10. e3 h6 11. h3 Rc8 12. Be2 Re8 13. 0-0 Bf8 14. Rd2 Na5 15. Ne5 d6 16. b4 Nc6 17. Rfd1 Nb8 18. Qb3 a6 19. Nf3 Qc7 20. Bg3 e5 21. a4 Ne4 22. Nxe4 Bxe4 23. Ne1 Bb7 24. Rc2 Nd7 25. Bf3 Nf6 26. Bxb7 Qxb7 27. f3 Rc7 28. e4 Nh5 29. Bf2 g6 30. b5 Ra8 31. Rb1 Nf4 32. Qe3 axb5 33. axb5 Rb8 34. Ra1 Qc8 35. Qb3 f5 36. c5+ Qe6 37. Qxe6+ Nxe6 38. c6 fxe4 39. fxe4 Nd4 40. Bxd4 exd4 41. Nd3 Re7 42. Re1 Kf7 43. Nf4 d3 44. Nxd3 Bg7 45. Rc4 Be5 46. Nb4 d5 47. Nxd5 Ra7 48. Rf1+ Kg7 49. Rd1 Kf7 50. Ne3 Ke6 51. Ng4 Bg3 52. Rc3 Bd6 53. Rf3 Bc5+ 54. Kh1 Be7 55. Nxh6 Ra5 56. Rb3 Ra2 57. Ng4 Bc5 58. Rf3 Be7 59. Ne3 Bc5 60. Nd5 Ke5 61. Nf6 Rc8 62. Nd7+ Kxe4 63. Nxc5+ bxc5 64. Rc3 Rf8 65. Rxc5 Rff2 66. Rg1 Rac2 67. Rxc2 Rxc2 68. Rb1 Kd5 69. b6 Rxc6 70. b7 Ke6 71. b8R Rc4 72. R1b6+ Kf7 73. R8b7+ Kg8 1-0

[Event "Melbourne op"]
[Site "Melbourne"]
[Date "2024.04.03"]
[Round "1"]
[White "Skiotis, Pano"]
[Black "Ikeda, Junta"]
[Result "0-1"]
[WhiteElo "2054"]
[BlackElo "2391"]
[PlyCount "56"]
[EventDate "2024.04.03"]
[EventType "swiss"]
[EventRounds "9"]
[EventCountry "AUS"]
[SourceTitle "CB18_2024"]
[SourceDate "2024.05.01"]
[SourceVersion "1"]
[SourceVersionDate "2024.05.01"]
[SourceQuality "2"]

1. d4 Nf6 2. c4 e6 3. Nf3 c5 4. g3 cxd4 5. Nxd4 d5 6. Bg2 e5 7. Nf3 d4 8. 0-0 Nc6 9. b4 e4 10. Ng5 Bxb4 11. Nxe4 Nxe4 12. Bxe4 Bh3 13. a3 Ba5 14. Bg2 Qd7 15. Nd2 h5 16. Nf3 h4 17. Bxh3 Qxh3 18. Ng5 Qd7 19. Qd3 0-0-0 20. Rb1 f6 21. Ne4 Ne5 22. Qb3 Qc6 23. Nc5 d3 24. e4 Bb6 25. Be3 hxg3 26. Nxb7 Qxe4 27. fxg3 Qxe3+ 28. Kg2 Qe2+ 0-1

[Event "Doeberl Cup 61st"]
[Site "Canberra"]
[Date "2024.04.01"]
[Round "9"]
[White "Ikeda, Junta"]
[Black "Sardana, Rishi"]
[Result "0-1"]
[WhiteElo "2391"]
[BlackElo "2476"]
[PlyCount "80"]
[EventDate "2024.03.28"]
[EventType "swiss"]
[EventRounds "9"]
[EventCountry "AUS"]
[SourceTitle "CB14_2024"]
[SourceDate "2024.04.01"]
[SourceVersion "1"]
[SourceVersionDate "2024.04.01"]
[SourceQuality "1"]

1. d4 Nf6 2. c4 e6 3. Nc3 Bb4 4. e3 0-0 5. Bd3 Re8 6. Nf3 d6 7. 0-0 e5 8. dxe5 dxe5 9. Nxe5 Qe7 10. Nf3 Bxc3 11. bxc3 Bg4 12. Be2 Nbd7 13. Nd4 Bxe2 14. Qxe2 Ne5 15. f3 c5 16. Nc2 Qe6 17. Na3 Rad8 18. e4 Rd7 19. Bg5 Red8 20. Rad1 Nd3 21. Qc2 h6 22. Bh4 g5 23. Bg3 Nh5 24. Bc7 Rxc7 25. Rxd3 Rxd3 26. Qxd3 Rd7 27. Qe3 Nf4 28. g3 Rd3 29. Qe1 Nh3+ 30. Kg2 g4 31. fxg4 Qxg4 32. Kh1 Rd1 33. Qxd1 Nf2+ 34. Rxf2 Qxd1+ 35. Kg2 Qe1 36. Nb5 Qxe4+ 37. Kg1 Qxc4 38. Nd6 Qxc3 39. Nxf7 Qe1+ 40. Kg2 Qe6 0-1

[Event "Doeberl Cup 61st"]
[Site "Canberra"]
[Date "2024.03.31"]
[Round "7"]
[White "Ikeda, Junta"]
[Black "Ooi, Jayden"]
[Result "1/2-1/2"]
[WhiteElo "2391"]
[BlackElo "2011"]
[PlyCount "110"]
[EventDate "2024.03.28"]
[EventType "swiss"]
[EventRounds "9"]
[EventCountry "AUS"]
[SourceTitle "CB14_2024"]
[SourceDate "2024.04.01"]
[SourceVersion "1"]
[SourceVersionDate "2024.04.01"]
[SourceQuality "1"]

1. d4 Nf6 2. c4 g6 3. Nc3 Bg7 4. e4 d6 5. Be2 0-0 6. Be3 Nbd7 7. Nf3 e5 8. 0-0 Qe7 9. Qc2 Re8 10. d5 c5 11. Ne1 Nf8 12. a3 Ng4 13. Bd2 f5 14. f3 Nf6 15. b4 b6 16. bxc5 bxc5 17. Rb1 f4 18. Nd3 g5 19. Nf2 h5 20. h3 Ng6 21. Rb2 Nh8 22. Rfb1 Nf7 23. Nb5 a6 24. Nc3 Qa7 25. Na4 Nd7 26. Ba5 Bf6 27. Nd3 Bd8 28. Qd2 Bc7 29. Bd1 Rb8 30. Rxb8 Nxb8 31. Bb6 Bxb6 32. Nxb6 Nd7 33. Ba4 Nxb6 34. Bxe8 Nxc4 35. Qc3 Ne3 36. Bxf7+ Kxf7 37. Nxe5+ dxe5 38. Qxe5 c4 39. Qh8 Qc5 40. Qxh5+ Kf8 41. Qh8+ Kf7 42. Qh7+ Kf8 43. Rb8 Nxd5+ 44. Kh2 Ne7 45. Qh8+ Kf7 46. e5 Qc6 47. Qh7+ Kf8 48. Qc2 Qc7 49. Rb4 Be6 50. Qe4 Bd5 51. Qh7 Qxe5 52. Rb6 Bxf3 53. Qh6+ Kf7 54. gxf3 Qe2+ 55. Kg1 Qe1+ 1/2-1/2

[Event "Doeberl Cup 61st"]
[Site "Canberra"]
[Date "2024.03.31"]
[Round "8"]
[White "Lane, Ryan"]
[Black "Ikeda, Junta"]
[Result "0-1"]
[WhiteElo "1962"]
[BlackElo "2391"]
[PlyCount "48"]
[EventDate "2024.03.28"]
[EventType "swiss"]
[EventRounds "9"]
[EventCountry "AUS"]
[SourceTitle "CB14_2024"]
[SourceDate "2024.04.01"]
[SourceVersion "1"]
[SourceVersionDate "2024.04.01"]
[SourceQuality "1"]

1. e4 e5 2. Nf3 Nc6 3. d4 exd4 4. Nxd4 Bc5 5. Be3 Qf6 6. c3 Nge7 7. Bc4 0-0 8. 0-0 Bb6 9. Kh1 Rd8 10. Nb5 Ne5 11. Bb3 d5 12. exd5 c6 13. Bxb6 axb6 14. Nd4 Nxd5 15. Nd2 Nf4 16. Qc2 c5 17. N4f3 Bf5 18. Qd1 Bg4 19. Ne4 Qf5 20. Nd6 Rxd6 21. Qxd6 Bxf3 22. Rg1 Qh3 23. Bd5 Ng4 24. Bxf7+ Kh8 0-1

[Event "Doeberl Cup 61st"]
[Site "Canberra"]
[Date "2024.03.30"]
[Round "5"]
[White "Ikeda, Junta"]
[Black "Lo, Willis"]
[Result "1-0"]
[WhiteElo "2391"]
[BlackElo "2044"]
[PlyCount "79"]
[EventDate "2024.03.28"]
[EventType "swiss"]
[EventRounds "9"]
[EventCountry "AUS"]
[SourceTitle "CB14_2024"]
[SourceDate "2024.04.01"]
[SourceVersion "1"]
[SourceVersionDate "2024.04.01"]
[SourceQuality "1"]

1. d4 Nf6 2. c4 c6 3. Nf3 d5 4. g3 Bf5 5. Nc3 Nbd7 6. cxd5 cxd5 7. Qb3 Qb6 8. Qxb6 Nxb6 9. Nb5 Rc8 10. Nxa7 Rc2 11. Nh4 Bd7 12. Kd1 Rc4 13. b3 Rxd4+ 14. Kc2 Re4 15. f3 Re6 16. a4 Nc8 17. Nb5 Rc6+ 18. Kb1 Nd6 19. Bf4 Nxb5 20. axb5 Rc8 21. e3 h6 22. Be5 g5 23. Ng2 Bf5+ 24. e4 dxe4 25. Ne3 Bg6 26. f4 Bg7 27. f5 Bh7 28. Ra7 0-0 29. Rxb7 e6 30. fxe6 fxe6 31. Bc4 Rce8 32. Rf1 Bg6 33. b6 Nh5 34. Rxf8+ Kxf8 35. Rxg7 Nxg7 36. b7 Nf5 37. Bb5 Rd8 38. Bc7 Nxe3 39. Bxd8 Nd5 40. b8Q 1-0

[Event "Gold Coast op"]
[Site "Gold Coast"]
[Date "2023.07.07"]
[Round "5"]
[White "Ikeda, Junta"]
[Black "Lee, Lachlan"]
[Result "1-0"]
[WhiteElo "2393"]
[BlackElo "1947"]
[PlyCount "71"]
[EventDate "2023.07.05"]
[EventType "swiss"]
[EventRounds "9"]
[EventCountry "AUS"]
[SourceTitle "CBM 215 Extra"]
[Source "ChessBase"]
[SourceDate "2023.09.30"]
[SourceVersion "1"]
[SourceVersionDate "2023.09.30"]
[SourceQuality "1"]

1. d4 d5 2. c4 e6 3. Nf3 Nf6 4. g3 Be7 5. Bg2 0-0 6. 0-0 dxc4 7. Qc2 b5 8. a4 Bb7 9. axb5 a6 10. bxa6 Nxa6 11. Qxc4 Bd5 12. Qc3 Ne4 13. Qe3 c5 14. Nc3 Nxc3 15. bxc3 Nc7 16. Bb2 Rb8 17. Qc1 Rb6 18. dxc5 Bxc5 19. Ra5 Qe7 20. c4 Ba8 21. Qc3 f6 22. Rxc5 Qxc5 23. Ba3 Qc6 24. Bxf8 Kxf8 25. Qd3 Ne8 26. Nh4 Qa4 27. Bxa8 Qxa8 28. Qxh7 Qc8 29. Rd1 Rc6 30. Ng6+ Kf7 31. Qh5 Rc7 32. Rd4 Kg8 33. Rg4 Nd6 34. Qh8+ Kf7 35. Ne5+ fxe5 36. Rxg7+ 1-0

[Event "Gold Coast op"]
[Site "Gold Coast"]
[Date "2023.07.07"]
[Round "4"]
[White "Liu, Yi"]
[Black "Ikeda, Junta"]
[Result "1-0"]
[WhiteElo "2267"]
[BlackElo "2393"]
[PlyCount "85"]
[EventDate "2023.07.05"]
[EventType "swiss"]
[EventRounds "9"]
[EventCountry "AUS"]
[SourceTitle "CBM 215 Extra"]
[Source "ChessBase"]
[SourceDate "2023.09.30"]
[SourceVersion "1"]
[SourceVersionDate "2023.09.30"]
[SourceQuality "1"]

1. d4 Nf6 2. Nc3 d5 3. Bf4 a6 4. e3 c5 5. Nf3 cxd4 6. exd4 Bg4 7. h3 Bxf3 8. Qxf3 e6 9. 0-0-0 Nc6 10. g4 Be7 11. g5 Nd7 12. h4 Rc8 13. Rh3 Na5 14. Qg4 g6 15. h5 Rg8 16. hxg6 hxg6 17. Re1 Nf8 18. Bg2 Nc6 19. Kb1 Qd7 20. Na4 Ne5 21. Bxe5 Qxa4 22. c3 Qa5 23. Qf4 Nd7 24. Rh7 Nxe5 25. Rxe5 Rf8 26. Bxd5 exd5 27. Qf6 Rc7 28. Rh1 Kd8 29. Qg7 Re8 30. Qxf7 Rd7 31. Rhe1 Qb6 32. Re6 Qc7 33. Qxg6 Qf4 34. Qh7 Qxg5 35. R6e5 Qf6 36. Rf5 Qc6 37. Ree5 Kc8 38. Rf7 Qd6 39. a4 Kd8 40. Qh5 Rg8 41. Rfxe7 Rg1+ 42. Ka2 Qxe7 43. Qh8+ 1-0

[Event "Doeberl Cup"]
[Site "Canberra"]
[Date "2023.04.07"]
[Round "4"]
[White "Ikeda, Junta"]
[Black "Prasad, Lalit"]
[Result "1-0"]
[WhiteElo "2417"]
[BlackElo "2025"]
[PlyCount "103"]
[EventDate "2023.04.06"]
[EventType "swiss"]
[EventRounds "9"]
[EventCountry "AUS"]
[SourceTitle "CBM 213 Extra"]
[Source "ChessBase"]
[SourceDate "2023.05.31"]
[SourceVersion "1"]
[SourceVersionDate "2023.05.31"]
[SourceQuality "1"]

1. d4 d5 2. c4 e6 3. Nf3 Nf6 4. g3 Bb4+ 5. Nbd2 0-0 6. Bg2 b6 7. 0-0 Bb7 8. a3 Be7 9. cxd5 exd5 10. Nb1 c5 11. Nc3 Nc6 12. Bf4 h6 13. Rc1 g5 14. Be3 Re8 15. dxc5 bxc5 16. Na4 d4 17. Bd2 Ne4 18. Ne1 Nxd2 19. Qxd2 Na5 20. Bxb7 Nxb7 21. Qc2 Qd5 22. Qc4 Qxc4 23. Rxc4 Na5 24. Rc2 c4 25. Nf3 Bf6 26. Rd1 Rad8 27. h3 Kg7 28. Kf1 Kg6 29. b4 d3 30. exd3 cxd3 31. Rcc1 Nb3 32. Rb1 Nd4 33. Rxd3 Nxf3 34. Rxf3 Rd2 35. Nc5 Ra2 36. Rd1 Bb2 37. Rd6+ f6 38. a4 Ra1+ 39. Kg2 Ree1 40. Re3 Rh1 41. Ne6 h5 42. Rd7 g4 43. Nf4+ Kh6 44. hxg4 hxg4 45. Ne2 Rh5 46. Re8 Rxa4 47. Rh8+ Kg5 48. Rg7+ Kf5 49. Rxh5+ Ke6 50. Nf4+ Kd6 51. Rd5+ Kc6 52. Rc5+ 1-0

[Event "Sydney NSW op"]
[Site "Sydney"]
[Date "2022.06.12"]
[Round "5"]
[White "Ikeda, Junta"]
[Black "Koh, Cedric"]
[Result "1-0"]
[WhiteElo "2448"]
[BlackElo "1913"]
[PlyCount "113"]
[EventDate "2022.06.11"]
[EventType "swiss"]
[EventRounds "7"]
[EventCountry "AUS"]
[SourceTitle "CBM 208 Extra"]
[Source "ChessBase"]
[SourceDate "2022.07.31"]
[SourceVersion "1"]
[SourceVersionDate "2022.07.31"]
[SourceQuality "1"]

1. e4 c6 2. d4 d5 3. e5 c5 4. dxc5 e6 5. a3 Nc6 6. Nf3 Bxc5 7. b4 Be7 8. Bb2 f6 9. Nbd2 Nh6 10. c4 Nf7 11. exf6 Bxf6 12. Bxf6 Qxf6 13. Be2 0-0 14. 0-0 d4 15. b5 Na5 16. c5 e5 17. Ne4 Qf4 18. Nfd2 Be6 19. Bd3 Rac8 20. Rc1 b6 21. c6 Rc7 22. Qh5 Qh6 23. Qxh6 Nxh6 24. Rfe1 Nf7 25. Rb1 Re8 26. Rb4 Kf8 27. h4 h6 28. Ng3 Bd5 29. Bg6 Re6 30. h5 Nd6 31. Rf1 Nac4 32. Nxc4 Nxc4 33. Be4 Bxe4 34. Nxe4 Nd6 35. Nxd6 Rxd6 36. f4 e4 37. Rd1 d3 38. Rxe4 a6 39. a4 axb5 40. axb5 Rd5 41. Re5 Rd4 42. g3 Ra7 43. Kf2 Ra3 44. Ke3 Rd6 45. Rd2 Rc3 46. Re4 Rd5 47. Rb4 Ke7 48. Ke4 Ke6 49. g4 Rcc5 50. Rxd3 Rxb5 51. Rxb5 Rxb5 52. Rc3 Rc5 53. f5+ Kd6 54. Rxc5 bxc5 55. g5 c4 56. gxh6 gxh6 57. f6 1-0

[Event "Sydney NSW op"]
[Site "Sydney"]
[Date "2022.06.11"]
[Round "2"]
[White "Ikeda, Junta"]
[Black "Phan, James"]
[Result "1-0"]
[WhiteElo "2448"]
[BlackElo "1857"]
[PlyCount "95"]
[EventDate "2022.06.11"]
[EventType "swiss"]
[EventRounds "7"]
[EventCountry "AUS"]
[SourceTitle "CBM 208 Extra"]
[Source "ChessBase"]
[SourceDate "2022.07.31"]
[SourceVersion "1"]
[SourceVersionDate "2022.07.31"]
[SourceQuality "1"]

1. e4 c6 2. d4 d5 3. e5 Bf5 4. Nd2 e6 5. Nb3 Ne7 6. Nf3 h6 7. Be2 Nd7 8. 0-0 c5 9. Nxc5 Nxc5 10. dxc5 Nc6 11. Be3 Qc7 12. c3 0-0-0 13. b4 Bg4 14. Nd4 Bxe2 15. Qxe2 Qxe5 16. Nxc6 bxc6 17. Qa6+ Kd7 18. Qxa7+ Qc7 19. Qa6 Be7 20. a4 Ra8 21. Qd3 Bf6 22. f4 Qa7 23. b5 Qa5 24. Bd4 Rhb8 25. c4 Bxd4+ 26. Qxd4 Qb4 27. bxc6+ Ke7 28. f5 Qxc4 29. Qxg7 Qxc5+ 30. Kh1 Rg8 31. Qxh6 Qc2 32. Qh4+ Ke8 33. Qh3 e5 34. Rac1 Qxa4 35. Rfe1 f6 36. Qh7 Qg4 37. Qd7+ Kf8 38. Qd6+ Kg7 39. Qe7+ Kh6 40. Qxf6+ Kh7 41. Qf7+ Rg7 42. Qxd5 Rag8 43. Rc3 Rd8 44. Qf3 Qb4 45. f6 Rg4 46. c7 Rdg8 47. c8Q Rxc8 48. Qf5+ 1-0

[Event "Doeberl Cup 59th"]
[Site "Canberra"]
[Date "2022.04.18"]
[Round "9"]
[White "Puccini, Jack"]
[Black "Ikeda, Junta"]
[Result "1/2-1/2"]
[WhiteElo "2313"]
[BlackElo "2460"]
[PlyCount "51"]
[EventDate "2022.04.14"]
[EventType "swiss"]
[EventRounds "9"]
[EventCountry "AUS"]
[SourceTitle "CBM 207 Extra"]
[Source "ChessBase"]
[SourceDate "2022.05.31"]
[SourceVersion "1"]
[SourceVersionDate "2022.05.31"]
[SourceQuality "1"]

1. e4 e6 2. d4 d5 3. Nc3 Bb4 4. exd5 exd5 5. Bd3 Ne7 6. Nf3 Bg4 7. 0-0 Nbc6 8. h3 Bh5 9. a3 Ba5 10. Re1 Qd7 11. g4 Bxc3 12. bxc3 Bg6 13. Bb5 f6 14. a4 Kf7 15. Ba3 Rae8 16. c4 a6 17. cxd5 axb5 18. dxc6 bxc6 19. axb5 cxb5 20. Bxe7 Rxe7 21. Ng5+ fxg5 22. Qf3+ Kg8 23. Qb3+ Kf8 24. Qf3+ Kg8 25. Qb3+ Kf8 26. Qf3+ 1/2-1/2

[Event "Doeberl Cup 59th"]
[Site "Canberra"]
[Date "2022.04.14"]
[Round "1"]
[White "Ikeda, Junta"]
[Black "Prasad, Lalit"]
[Result "1-0"]
[WhiteElo "2460"]
[BlackElo "1985"]
[PlyCount "103"]
[EventDate "2022.04.14"]
[EventType "swiss"]
[EventRounds "9"]
[EventCountry "AUS"]
[SourceTitle "CBM 207 Extra"]
[Source "ChessBase"]
[SourceDate "2022.05.31"]
[SourceVersion "1"]
[SourceVersionDate "2022.05.31"]
[SourceQuality "1"]

1. e4 c5 2. Nf3 e6 3. g3 Nc6 4. Bg2 e5 5. 0-0 g6 6. a3 Bg7 7. b4 d6 8. c3 Nge7 9. d3 0-0 10. Bb2 h6 11. Nbd2 Be6 12. Nb3 b6 13. b5 Nb8 14. c4 a5 15. Ne1 Nd7 16. f4 Ra7 17. Nc2 f5 18. Ne3 Qe8 19. Nd2 Qf7 20. Qc2 exf4 21. gxf4 Bd4 22. Bxd4 cxd4 23. Nd5 Bxd5 24. exd5 Qg7 25. Nf3 g5 26. Qf2 Ng6 27. fxg5 Nf4 28. Kh1 Ne5 29. Qxd4 Nxg2 30. Kxg2 Nxf3 31. Qxg7+ Rxg7 32. Kxf3 hxg5 33. Rae1 Rh7 34. Kg2 g4 35. Re6 Rh3 36. Rg6+ Kh7 37. Rxd6 f4 38. Rxb6 f3+ 39. Kg1 g3 40. hxg3 Rxg3+ 41. Kf2 Rg2+ 42. Ke3 Re2+ 43. Kd4 Rf4+ 44. Kc5 Kg7 45. Re6 Rg2 46. Re4 Rf6 47. d6 Rgg6 48. Rd4 Rf5+ 49. Rd5 Rxd5+ 50. Kxd5 Kf7 51. Rxf3+ Ke8 52. Kc6 1-0

[Event "Doeberl Cup 58th"]
[Site "Canberra"]
[Date "2021.04.02"]
[Round "4"]
[White "McGowan, Cameron"]
[Black "Ikeda, Junta"]
[Result "0-1"]
[WhiteElo "2098"]
[BlackElo "2452"]
[PlyCount "88"]
[EventDate "2021.04.01"]
[EventType "swiss"]
[EventRounds "9"]
[EventCountry "AUS"]
[SourceTitle "EXT 2023"]
[Source "ChessBase"]
[SourceDate "2022.10.05"]
[SourceVersion "1"]
[SourceVersionDate "2022.10.05"]
[SourceQuality "1"]

1. e4 g6 2. d4 Bg7 3. Nc3 d6 4. f4 a6 5. Nf3 b5 6. Bd3 Nd7 7. a4 b4 8. Ne2 c5 9. c3 a5 10. Ng3 Qc7 11. Qe2 bxc3 12. d5 Nb6 13. Bb5+ Bd7 14. Ra3 cxb2 15. Bxb2 Bxb5 16. Qxb5+ Kf8 17. 0-0 Nf6 18. Bc3 Qa7 19. Rb1 Nfd7 20. Qb2 Bxc3 21. Qxc3 f6 22. Ng5 c4 23. Ne6+ Kf7 24. Kh1 Rab8 25. Rf1 Rbc8 26. Nd4 Nc5 27. Nc6 Qd7 28. Qxa5 Rxc6 29. dxc6 Qxc6 30. Qb5 Qxb5 31. axb5 Rb8 32. Kg1 Rb7 33. Kf2 e6 34. Kf3 Nc8 35. Rd1 Rxb5 36. Ra8 Rb3+ 37. Ke2 Ne7 38. Rxd6 c3 39. Ra2 h5 40. h4 Nc8 41. Rc6 Rb2+ 42. Kf3 Rxa2 43. Rxc5 Nd6 44. Rc7+ Ke8 0-1

[Event "Doeberl Cup 58th"]
[Site "Canberra"]
[Date "2021.04.01"]
[Round "2"]
[White "Press, Harry"]
[Black "Ikeda, Junta"]
[Result "0-1"]
[WhiteElo "2089"]
[BlackElo "2452"]
[PlyCount "70"]
[EventDate "2021.04.01"]
[EventType "swiss"]
[EventRounds "9"]
[EventCountry "AUS"]
[SourceTitle "EXT 2023"]
[Source "ChessBase"]
[SourceDate "2022.10.05"]
[SourceVersion "1"]
[SourceVersionDate "2022.10.05"]
[SourceQuality "1"]

1. e4 g6 2. d4 Bg7 3. Nc3 d6 4. Be3 a6 5. f4 b5 6. Nf3 Bb7 7. Bd3 Nd7 8. e5 Nh6 9. 0-0 Nb6 10. a4 c6 11. Qe2 0-0 12. h3 b4 13. Ne4 f6 14. Bd2 a5 15. c4 bxc3 16. bxc3 Kh8 17. Rfb1 dxe5 18. fxe5 Bc8 19. Nc5 Nd5 20. exf6 exf6 21. Ne6 Bxe6 22. Qxe6 Qc7 23. Qe2 Rfe8 24. Qf2 Nf7 25. Re1 Bh6 26. Bxh6 Nxh6 27. Qh4 Kg7 28. Rxe8 Rxe8 29. Re1 Rb8 30. c4 Nf4 31. Bf1 Rb2 32. g3 Nh5 33. g4 g5 34. Re7+ Qxe7 35. Qxh5 Qe3+ 0-1

[Event "AUS-ch"]
[Site "Sydney"]
[Date "2020.01.13"]
[Round "11"]
[White "Ikeda, Junta"]
[Black "McGowan, Cameron"]
[Result "1-0"]
[WhiteElo "2438"]
[BlackElo "2221"]
[PlyCount "103"]
[EventDate "2020.01.02"]
[EventType "swiss"]
[EventRounds "11"]
[EventCountry "AUS"]
[SourceTitle "CBM 194 Extra"]
[Source "ChessBase"]
[SourceDate "2020.03.31"]
[SourceVersion "1"]
[SourceVersionDate "2020.03.31"]
[SourceQuality "1"]

1. Nf3 Nf6 2. g3 g6 3. b3 d6 4. d4 Bg7 5. Bb2 0-0 6. Bg2 Nfd7 7. 0-0 Nc6 8. c4 e5 9. dxe5 Ndxe5 10. Nxe5 dxe5 11. Nc3 Qxd1 12. Rfxd1 Nd4 13. Ba3 Rd8 14. e3 Ne6 15. Rxd8+ Nxd8 16. Nd5 c6 17. Nc7 Rb8 18. Bd6 e4 19. Rc1 Bf8 20. Bf4 Ba3 21. Rf1 Bf5 22. Ne8 Rc8 23. Nf6+ Kg7 24. Nxe4 Bxe4 25. Bxe4 Ne6 26. Be5+ f6 27. Bc3 Rd8 28. Kg2 Kf7 29. g4 Be7 30. f4 Nc5 31. Bc2 Nd3 32. Rd1 Nc5 33. Rxd8 Bxd8 34. Bd4 Be7 35. Kf3 a6 36. b4 Ne6 37. Bc3 c5 38. b5 Nc7 39. a4 axb5 40. cxb5 b6 41. Bb3+ Ke8 42. Bc4 Kd7 43. Ke4 Ne8 44. a5 bxa5 45. Bxa5 Nd6+ 46. Kd5 Nb7 47. Bb6 Bd6 48. Bd3 Bb8 49. h4 Bc7 50. Bxc7 Kxc7 51. e4 Kd7 52. g5 1-0

[Event "AUS-ch"]
[Site "Sydney"]
[Date "2020.01.05"]
[Round "4"]
[White "Ikeda, Junta"]
[Black "Kuybokarov, Temur"]
[Result "0-1"]
[WhiteElo "2438"]
[BlackElo "2523"]
[PlyCount "84"]
[EventDate "2020.01.02"]
[EventType "swiss"]
[EventRounds "11"]
[EventCountry "AUS"]
[SourceTitle "CBM 194 Extra"]
[Source "ChessBase"]
[SourceDate "2020.03.31"]
[SourceVersion "1"]
[SourceVersionDate "2020.03.31"]
[SourceQuality "1"]

1. Nf3 d5 2. e3 c5 3. c4 d4 4. exd4 cxd4 5. g3 Nc6 6. Bg2 Nf6 7. 0-0 e5 8. Re1 Nd7 9. d3 Be7 10. Na3 0-0 11. Nc2 Re8 12. Rb1 a5 13. a3 a4 14. Bd2 Bf6 15. Bb4 Ndb8 16. Nd2 Na6 17. Ne4 Be7 18. Bxe7 Rxe7 19. Qd2 Bf5 20. f4 h6 21. fxe5 Nxe5 22. Qf4 Bg6 23. Red1 Qb6 24. Kh1 Rae8 25. Nf2 Nxc4 26. Qxd4 Qxd4 27. Nxd4 Nc5 28. Bf1 Rd7 29. Nf3 Ne3 30. Re1 Nxd3 31. Nxd3 Bxd3 32. Rbd1 Bf5 33. Rc1 Bg4 34. Nh4 Re6 35. Bb5 Rd2 36. Rc3 Nd5 37. Rcc1 g5 38. Rxe6 fxe6 39. Ng6 Bf3+ 40. Kg1 Rg2+ 41. Kf1 Ne3+ 42. Ke1 Nc2+ 0-1

[Event "AUS-ch"]
[Site "Sydney"]
[Date "2020.01.03"]
[Round "2"]
[White "Ikeda, Junta"]
[Black "Bjelobrk, Igor"]
[Result "1/2-1/2"]
[WhiteElo "2438"]
[BlackElo "2403"]
[PlyCount "37"]
[EventDate "2020.01.02"]
[EventType "swiss"]
[EventRounds "11"]
[EventCountry "AUS"]
[SourceTitle "CBM 194 Extra"]
[Source "ChessBase"]
[SourceDate "2020.03.31"]
[SourceVersion "1"]
[SourceVersionDate "2020.03.31"]
[SourceQuality "1"]

1. e4 e5 2. Nf3 Nc6 3. Bb5 Nf6 4. d3 d6 5. Bxc6+ bxc6 6. 0-0 Be7 7. Re1 0-0 8. d4 Nd7 9. dxe5 Nxe5 10. Nxe5 dxe5 11. Nd2 Be6 12. Qe2 a5 13. a4 Qc8 14. b3 f6 15. Ba3 Bxa3 16. Rxa3 Qb7 17. Raa1 Rfd8 18. Nf1 Qb4 19. Red1 1/2-1/2

[Event "Melbourne Australasian GM"]
[Site "Melbourne"]
[Date "2019.12.22"]
[Round "9"]
[White "Yang, Ray"]
[Black "Ikeda, Junta"]
[Result "1-0"]
[WhiteElo "2300"]
[BlackElo "2439"]
[PlyCount "71"]
[EventDate "2019.12.14"]
[EventType "tourn"]
[EventRounds "9"]
[EventCountry "AUS"]
[EventCategory "6"]
[SourceTitle "CBM 193 Extra"]
[Source "ChessBase"]
[SourceDate "2020.01.31"]
[SourceVersion "1"]
[SourceVersionDate "2020.01.31"]
[SourceQuality "1"]

1. d4 f5 2. g3 Nf6 3. Bg2 g6 4. Nf3 Bg7 5. 0-0 0-0 6. b3 b6 7. Ne5 d5 8. c4 e6 9. Bg5 Bb7 10. Nc3 c6 11. b4 Qe8 12. c5 Nfd7 13. Nxd7 Nxd7 14. Qd2 bxc5 15. bxc5 e5 16. Be3 exd4 17. Bxd4 Qe7 18. Rab1 Ba6 19. Nxd5 cxd5 20. Bxd5+ Kh8 21. Bxg7+ Qxg7 22. Bxa8 Rxa8 23. Qd6 Nxc5 24. Rb8+ Rxb8 25. Qxb8+ Qg8 26. Qe5+ Qg7 27. Qxc5 Qf6 28. Rb1 Kg7 29. Qxa7+ Kh6 30. Qe3+ Kh5 31. Qf4 Bxe2 32. Qh4+ Qxh4 33. gxh4 Kxh4 34. a4 g5 35. a5 h5 36. Rb6 1-0